|
|
|
|
| LEADER |
01323nam a2200313 u 4500 |
| 001 |
10008373 |
| 003 |
upatras |
| 005 |
20210117204053.0 |
| 008 |
881025s1993 us eng |
| 020 |
|
|
|a 0935702253
|
| 040 |
|
|
|a GR-PaULI
|c GR-PaULI
|
| 041 |
0 |
|
|a eng
|
| 082 |
0 |
4 |
|a 543.087 3
|
| 100 |
1 |
|
|a McLafferty, Fred W.
|9 121853
|
| 245 |
1 |
0 |
|a Interpretation of mass spectra
|c Fred McLafferty, Frabtisek Turecek
|
| 250 |
|
|
|a 4th edition
|
| 260 |
|
|
|a Sausalito
|b University Science Books
|c 1993
|
| 300 |
|
|
|a xviii, 371 p.
|b fig.
|c 23 cm
|
| 505 |
1 |
|
|a Includes index, bibliography
|
| 650 |
|
4 |
|a Χημεία, Αναλυτική
|9 520
|
| 650 |
|
4 |
|a Φασματομετρική ανάλυση
|9 214
|
| 700 |
1 |
|
|a Turecek, Frantisek
|9 121854
|
| 710 |
2 |
|
|a University Science Books
|9 121855
|
| 852 |
|
|
|a GR-PaULI
|b ΠΑΤΡΑ
|b ΒΚΠ
|b ΒΣ1
|k ΑΣΧΞ
|h 543.087 3 M
|m 19348
|p 025000002245
|t 2
|
| 852 |
|
|
|a GR-PaULI
|b ΠΑΤΡΑ
|b ΧΗΜΙΚΟ
|k ΑΣΧΞ
|h 543.087 3 M
|m 19347
|t 1
|
| 942 |
|
|
|2 ddc
|c BK15
|
| 952 |
|
|
|0 0
|1 0
|4 0
|6 543_087000000000000_3_M
|7 0
|9 134314
|a LISP
|b LISP
|c BSC
|d 2016-04-24
|i 19348
|l 0
|o 543.087 3 M
|p 025000002245
|r 2016-04-24 00:00:00
|t 2
|w 2016-04-24
|y BK15
|
| 952 |
|
|
|0 0
|1 0
|4 0
|6 543_087000000000000_3_M
|7 0
|9 134315
|a CHEM
|b CHEM
|d 2016-04-24
|i 19347
|l 0
|o 543.087 3 M
|r 2016-04-24 00:00:00
|t 1
|w 2016-04-24
|y BK15
|
| 999 |
|
|
|c 87904
|d 87904
|